000 00983cam a2200205 4500
001 ABS62318
008 000000n2000 000 0 eng u
035 _a(Sirsi) u106339
100 _aRees, W.H.
245 _aArbitration: settling disputes informally
260 _c2000
490 _aThe Valuer
_v69(3) May/June 2000, 26(1)
520 _aThe Lands Tribunal Rules 1996 introduced a simplified procedure which enables cases to be decided without a full-scale hearing. It applies to all disputes within the Tribunal's jurisdiction except compulsory purchase matters. The procedure is intended to be attractive to small cases but one recent decision is cited "Sharp v Griffiths (VO) (1999) RA 265 which showed that use of this simplified procedure is not limited to minor disputes of fact.
590 _aABS
650 _aLANDS TRIBUNAL RULES 1996
650 _aSIMPLIFIED PROCEDURE
650 _aSHARP V GRIFFITHS (VO)
690 _aDispute resolution
_96236
942 _n0
999 _c63688
_d63688